[Event "DRUGA LIGA SRBIJE-GRUPA VOJVODINA 2018"]
[Site "Novi Sad"]
[Date "2018.11.16"]
[Round "11"]
[Board "1"]
[White "Nikolovski, Nikola"]
[Black "Petakov, Uros"]
[Result "1-0"]
[WhiteElo "2380"]
[BlackElo "2325"]
[PlyCount "99"]
[EventDate "2018.11.09"]
[EventType "team"]
[EventRounds "11"]
[EventCountry "SRB"]
[WhiteTeam "Š.K. BATA  COSIC-OPOVO"]
[BlackTeam "S.K. STARA PAZOVA-STARA PAZOVA"]

1. e4 e6 2. d4 b6 3. Bd3 Bb7 4. Nf3 c5 5. c3 Nf6 6. Nbd2 Nc6 7. a3 d6 8. O-O
Be7 9. Re1 O-O 10. Nf1 e5 11. d5 Nb8 12. Ng3 Re8 13. h3 Bf8 14. Nh2 Qc8 15. c4
a6 16. Nf5 b5 17. b3 Qd8 18. Qf3 Bc8 19. Ne3 Nbd7 20. Bd2 Rb8 21. g4 g6 22. h4
h5 23. g5 Nh7 24. Qe2 f6 25. Kh1 fxg5 26. hxg5 Be7 27. cxb5 axb5 28. Rg1 Rf8
29. Nf5 c4 30. bxc4 bxc4 31. Bxc4 Nc5 32. Nxe7+ Qxe7 33. a4 Rb2 34. f3 Qa7 35.
a5 Bh3 36. Qe3 Rf4 37. a6 Rh4 38. Qe1 Bc8 39. Qxh4 Rxd2 40. Qe1 Rc2 41. Rc1 Rb2
42. Rg2 Rxg2 43. Kxg2 Bxa6 44. Ra1 Qb6 45. Bxa6 Nxa6 46. Qf2 Nc5 47. Ra8+ Nf8
48. Ng4 Qc7 49. Nf6+ Kg7 50. Qa2  1-0

[Event "DRUGA LIGA SRBIJE-GRUPA VOJVODINA 2018"]
[Site "Novi Sad"]
[Date "2018.11.16"]
[Round "11"]
[Board "2"]
[White "Vujadinovic, Goran"]
[Black "Milojevic, Dusan"]
[Result "0-1"]
[WhiteElo "2318"]
[BlackElo "2287"]
[PlyCount "88"]
[EventDate "2018.11.09"]
[EventType "team"]
[EventRounds "11"]
[EventCountry "SRB"]
[WhiteTeam "S.K. STARA PAZOVA-STARA PAZOVA"]
[BlackTeam "Š.K. BATA  COSIC-OPOVO"]

1. Nf3 Nf6 2. g3 g6 3. Bg2 Bg7 4. O-O d6 5. d3 O-O 6. c3 c5 7. a3 Nc6 8. b4 Nd7
9. Qb3 Rb8 10. Nfd2 Qc7 11. b5 Na5 12. Qc2 b6 13. Bb2 c4 14. d4 e5 15. dxe5
dxe5 16. a4 Nf6 17. Ba3 Rd8 18. Bb4 Be6 19. Na3 Nb3 20. Rad1 Nxd2 21. Rxd2 Rxd2
22. Qxd2 Rd8 23. Qc1 Qd7 24. Bc6 Qd2 25. Qxd2 Rxd2 26. Nb1 Rxe2 27. Rd1 h6 28.
a5 e4 29. Kf1 Ra2 30. Rd8+ Kh7 31. Nd2 e3 32. fxe3 Ng4 33. a6 Bf6 34. Rd6 Nxe3+
35. Ke2 Nf5 36. Rxe6 fxe6 37. Ke1 Ne3 38. Be4 Rb2 39. h4 Kg7 40. Ba3 Rxb5 41.
Bb4 Nd5 42. Nxc4 Nxb4 43. cxb4 Rxb4 44. Bd3 Ra4  0-1

[Event "DRUGA LIGA SRBIJE-GRUPA VOJVODINA 2018"]
[Site "Novi Sad"]
[Date "2018.11.16"]
[Round "11"]
[Board "3"]
[White "Jovanovski, Slobodan"]
[Black "Stanojevic, Branko"]
[Result "1-0"]
[WhiteElo "2330"]
[BlackElo "2180"]
[PlyCount "65"]
[EventDate "2018.11.09"]
[EventType "team"]
[EventRounds "11"]
[EventCountry "SRB"]
[WhiteTeam "Š.K. BATA  COSIC-OPOVO"]
[BlackTeam "S.K. STARA PAZOVA-STARA PAZOVA"]

1. d4 Nf6 2. Nf3 e6 3. Bg5 Be7 4. Nbd2 d5 5. e3 c5 6. c3 Nc6 7. Bd3 cxd4 8.
exd4 h6 9. Bh4 Nh5 10. Bxe7 Qxe7 11. O-O Bd7 12. Re1 a6 13. a3 Nf4 14. Bf1 Rc8
15. g3 Ng6 16. Nb3 a5 17. Bd3 Qf6 18. Nc5 Rc7 19. Re3 Bc8 20. Qb3 O-O 21. Rae1
Re7 22. Qc2 e5 23. Bxg6 exd4 24. Bh7+ Kh8 25. Rxe7 Nxe7 26. Bd3 Qxf3 27. Rxe7
dxc3 28. Qxc3 b6 29. Nb3 Be6 30. Nd4 Qd1+ 31. Kg2 Bg4 32. Be2 Bxe2 33. Rxe2  1-0

[Event "DRUGA LIGA SRBIJE-GRUPA VOJVODINA 2018"]
[Site "Novi Sad"]
[Date "2018.11.16"]
[Round "11"]
[Board "4"]
[White "Mijatovic, Dejan"]
[Black "Kosanovic, Dragan"]
[Result "1/2-1/2"]
[WhiteElo "2255"]
[BlackElo "2329"]
[PlyCount "63"]
[EventDate "2018.11.09"]
[EventType "team"]
[EventRounds "11"]
[EventCountry "SRB"]
[WhiteTeam "S.K. STARA PAZOVA-STARA PAZOVA"]
[BlackTeam "Š.K. BATA  COSIC-OPOVO"]

1. d4 d6 2. Nf3 g6 3. e4 Bg7 4. c3 Nf6 5. Nbd2 O-O 6. Bd3 c6 7. a4 Qc7 8. O-O
e5 9. dxe5 dxe5 10. a5 Nh5 11. Re1 Nd7 12. Bf1 Rd8 13. Qc2 Nf8 14. Nc4 Bg4 15.
Nfd2 b5 16. axb6 axb6 17. Rxa8 Rxa8 18. Nb3 Nd7 19. Ne3 Be6 20. Bc4 Nf4 21. Rd1
b5 22. Bxe6 Nxe6 23. Qd3 Ndc5 24. Nxc5 Nxc5 25. Qc2 Ra1 26. b4 Ne6 27. Bd2 Qa7
28. Rxa1 Qxa1+ 29. Qd1 Qa2 30. Qc2 Qa1+ 31. Qd1 Qa2 32. Qc2  1/2-1/2

[Event "DRUGA LIGA SRBIJE-GRUPA VOJVODINA 2018"]
[Site "Novi Sad"]
[Date "2018.11.16"]
[Round "11"]
[Board "6"]
[White "Skoko, Milan"]
[Black "Joksimovic, Dragoljub"]
[Result "1-0"]
[WhiteElo "2164"]
[BlackElo "2145"]
[PlyCount "75"]
[EventDate "2018.11.09"]
[EventType "team"]
[EventRounds "11"]
[EventCountry "SRB"]
[WhiteTeam "S.K. STARA PAZOVA-STARA PAZOVA"]
[BlackTeam "Š.K. BATA  COSIC-OPOVO"]

1. e4 d6 2. d4 g6 3. Nc3 Bg7 4. f4 c6 5. Nf3 Nf6 6. Bd3 O-O 7. O-O Nfd7 8. Be3
c5 9. Rb1 cxd4 10. Nxd4 Nc6 11. Nce2 Nf6 12. h3 Qa5 13. a3 Bd7 14. b4 Qd8 15.
Nf3 e6 16. c4 d5 17. cxd5 exd5 18. e5 Ne8 19. Ned4 Nxd4 20. Nxd4 Nc7 21. Qb3 f6
22. Nf3 Be6 23. Bd4 Bf7 24. Bc5 Re8 25. Bd6 Ne6 26. g3 Qb6+ 27. Kg2 Nd4 28.
Nxd4 Qxd4 29. Bc5 Qc4 30. Bxc4 dxc4 31. Qc3 fxe5 32. fxe5 Rxe5 33. Bd4 Bd5+ 34.
Kg1 Re2 35. Rf2 Rxf2 36. Kxf2 Rf8+ 37. Ke1 Rf3 38. Bxg7  1-0